00559 2200193 4500001002100000008004100021035002000062245006800082100001700150260004200167300003200209020002200241084001600263520002600279082001000305650002800315990001100343990001100354INLIS000000000014951 ind  a0010-1222000030 aMemahami Bahaya BayicBunda Fathi;penyunting, Pisonia Sylvestri aBUNDA, Fathi aYogyakarta :bRomawi Pustaka,c[s.a.] avi, 113 hlm.: ilus.c20 cm. a978-602-61147-7-8 a302.2 FAT m aBibliografi.: 113 hlm a302.2 aKOMUNIKASI.BAHASA TUBUH a9948 a a9948 b